|
|
|
|
| LEADER |
00000nam0a2200000 4500 |
| 001 |
324118 |
| 005 |
20231102003634.0 |
| 035 |
|
|
|a (RuTPU)RU\TPU\book\349707
|
| 090 |
|
|
|a 324118
|
| 100 |
|
|
|a 20161107d1965 k y0rusy50 ca
|
| 101 |
0 |
|
|a rus
|
| 102 |
|
|
|a RU
|
| 105 |
|
|
|a a z 001zy
|
| 200 |
1 |
|
|a Новые методы сжигания топлив и вопросы теории горения
|e сборник статей
|f Академия наук СССР (АН СССР), Институт горючих ископаемых (ИГИ) ; под ред. Б. В. Канторовича
|
| 210 |
|
|
|a Москва
|c Наука
|d 1965
|
| 215 |
|
|
|a 206 с.
|c ил.
|
| 320 |
|
|
|a Библиогр.: в коце статей
|
| 606 |
1 |
|
|a Топливо
|x Горение
|2 stltpush
|3 (RuTPU)RU\TPU\subj\33077
|9 55415
|
| 610 |
1 |
|
|a сжигание
|
| 610 |
1 |
|
|a теория
|
| 610 |
1 |
|
|a горение
|
| 610 |
1 |
|
|a методы
|
| 610 |
1 |
|
|a воспламенение
|
| 610 |
1 |
|
|a газовоздушные смеси
|
| 610 |
1 |
|
|a термическое разрушение
|
| 610 |
1 |
|
|a углерод
|
| 610 |
1 |
|
|a теплообмен
|
| 610 |
1 |
|
|a жидкие топлива
|
| 610 |
1 |
|
|a газовое топливо
|
| 610 |
1 |
|
|a топливно-воздушные смеси
|
| 610 |
1 |
|
|a водоугольное топливо
|
| 675 |
|
|
|a 662.612.3
|v 4
|
| 702 |
|
1 |
|a Канторович
|b Б. В.
|g Борис Вениаминович
|4 340
|
| 712 |
0 |
2 |
|a Академия наук СССР (АН СССР)
|b Институт горючих ископаемых (ИГИ)
|c (Москва)
|c (1934-1947)
|2 stltpush
|3 (RuTPU)RU\TPU\col\10830
|
| 801 |
|
1 |
|a RU
|b 63413507
|c 20161107
|
| 801 |
|
2 |
|a RU
|b 63413507
|c 20190805
|g RCR
|
| 942 |
|
|
|c BK
|